000 00263nam a22001217a 4500
008 181206b xxu||||| |||| 00| 0 eng d
041 _aeng
080 _a159.9
100 _a49
101 _aPSI
245 _aPshysiology Medicine
_cWilliams.p
942 _2udc
_cBK
999 _c52950
_d52950